00000000nam##2200000za#4500
0019.695955
003CaOODSP
00520210929082801
007cr |||||||||||
008150407|2000||||xxc|||||o    f|0| 0 eng|d
040 |aCaOODSP|beng
043 |an-cn---
0861 |aFo42-308/2000E-PDF
1101 |aCanada. |bNatural Resources Canada. |bCanadian Forest Service.
24510|aProceedings of the Canadian Model Forest Network's partnership meeting : |h[electronic resource]|bHalifax, NS, September 8-9, 1999
260 |aOttawa - Ontario : |bNatural Resources Canada. |cc2000.
300 |a79p.|bfigs., graph, maps, references, table, photographs
500 |aThe catalogue number (Fo42-308/2000E) and ISBN (0-662-29035-6) for the print edition have been incorrectly copied in this electronic publication.
590 |a12-17-Supp|b2012-04-20
69007|aEnvironmental management|2gcpds
69007|aForest management|2gcpds
69007|aModel forests|2gcpds
77508|tActes du symposium de la réunion des partenaires du Réseau canadien de forêts modèles : |w(CaOODSP)9.640073
7760#|tProceedings of the Canadian Model Forest Network's Partnership Meeting, Halifax, NS, September 8-9, 1999 |w(CaOODSP)9.647773
85640|ahttp://publications.gc.ca|qPDF|s1.88 MB|uhttps://publications.gc.ca/collections/Collection/Fo42-308-2000E.pdf